| 000 | 01162cam a22002175a 4500 | ||
|---|---|---|---|
| 001 | L158752 | ||
| 008 | 15071 s2013 xxk f 000 0 eng d | ||
| 035 | _a(Sirsi) u158752 | ||
| 041 | 0 | _aeng | |
| 100 | 1 | _aDuggan, Anthony | |
| 245 | 0 | 4 |
_aThe Self Storage Association UK Annual Survey 2014 _h[electronic resource] |
| 250 |
_a[S.l] _bSelf Storage Associaiton _c2014 |
||
| 260 |
_a[S.l.] _bDeloitte _c2014 |
||
| 520 | _aOutlines the results of the eighth annual survey carried out by the Self Storage Association UK among its members, and the fourth report based on the responses to a questionnaire distributed by the Self Storage Association and produced by Deloitte Real Estate. Notes that private customers are returning to self-storage, driven by a recovering housing market across the country, and an increasing number of operators are planning to expand. | ||
| 590 | _aKA | ||
| 651 | 4 |
_aUnited Kingdom _y |
|
| 690 |
_aCommercial property _96227 |
||
| 700 | 1 | _aGriggs, James | |
| 856 | 4 | 0 |
_uhttps://www2.deloitte.com/uk/en/pages/real-estate/articles/self-storage.html _zView the report after free registration at www.deloitterealestate.co.uk |
| 942 | _n0 | ||
| 999 |
_c115487 _d115487 |
||